<?xml version="1.0" encoding="UTF-8"?>
<marc:record xmlns:marc="http://www.loc.gov/MARC21/slim">
   <marc:leader>00000nam a2200000 a 4500</marc:leader>
   <marc:datafield ind1="1" ind2=" " tag="100">
      <marc:subfield code="a">Schlitter, Sandra</marc:subfield>
      <marc:subfield code="4">aut</marc:subfield>
      <marc:subfield code="e">Verfasser/-in</marc:subfield>
   </marc:datafield>
   <marc:datafield ind1="1" ind2=" " tag="100">
      <marc:subfield code="a">Schlitter, Reinhard</marc:subfield>
      <marc:subfield code="4">aut</marc:subfield>
      <marc:subfield code="e">Verfasser/-in</marc:subfield>
   </marc:datafield>
   <marc:datafield ind1="1" ind2=" " tag="100">
      <marc:subfield code="a">Fasel, Christoph</marc:subfield>
      <marc:subfield code="4">ctb</marc:subfield>
      <marc:subfield code="e">Mitwirkende/-r</marc:subfield>
   </marc:datafield>
   <marc:datafield ind1=" " ind2=" " tag="653">
      <marc:subfield code="a">Softcover / Belletristik/Romanhafte Biografien</marc:subfield>
   </marc:datafield>
   <marc:datafield ind1=" " ind2=" " tag="653">
      <marc:subfield code="a">7049: adeo</marc:subfield>
   </marc:datafield>
   <marc:datafield ind1="0" ind2="0" tag="245">
      <marc:subfield code="a">Mirco</marc:subfield>
   </marc:datafield>
   <marc:datafield ind1="0" ind2="0" tag="245">
      <marc:subfield code="b">verlieren - verzweifeln - verzeihen</marc:subfield>
   </marc:datafield>
   <marc:datafield ind1="0" ind2="0" tag="245">
      <marc:subfield code="c">Sandra &amp; Reinhard Schlitter mit Christoph Fasel</marc:subfield>
   </marc:datafield>
   <marc:datafield ind1=" " ind2="1" tag="264">
      <marc:subfield code="a">Asslar</marc:subfield>
      <marc:subfield code="b">adeo</marc:subfield>
      <marc:subfield code="c">2012</marc:subfield>
   </marc:datafield>
   <marc:datafield ind1=" " ind2=" " tag="250">
      <marc:subfield code="a">3. Aufl.</marc:subfield>
   </marc:datafield>
   <marc:datafield ind1="1" ind2=" " tag="520">
      <marc:subfield code="a">Angaben aus der Verlagsmeldung

Mirco : Verlieren. Verzweifeln. Verzeihen. / von Reinhard Schlitter, Sandra Schlitter, Christoph Fasel

Am 3. September 2010 verschwindet der zehnjährige Mirco auf dem Heimweg von der Skaterbahn. Was folgt, ist die bisher größte Suchaktion in der Geschichte der Bundesrepublik. Menschen aus dem ganzen Land nehmen Anteil. Doch der Junge mit dem Lausbuben-Lachen bleibt verschollen und erlangt als "Mirco aus Grefrath" traurige Berühmtheit. 145 Tage lang hoffen, bangen und beten Mircos Eltern. Doch ihr Junge kehrt nicht zurück. Knapp fünf Monate nach seinem Verschwinden wird Mirco entdeckt. Entführt, missbraucht, erdrosselt. In diesem Buch erzählen Sandra und Reinhard Schlitter, wie es ihnen gelingt, mit dem Unfassbaren fertigzuwerden. Von ihrem Leben mit Mirco, ihrer Verzweiflung, vom Glauben an Gott, von der Unterstützung der Menschen, die sie umgeben. Und davon, wie sie es schaffen, sogar um Vergebung für den Täter zu bitten.
</marc:subfield>
   </marc:datafield>
   <marc:datafield ind1=" " ind2=" " tag="020">
      <marc:subfield code="a">9783942208680</marc:subfield>
      <marc:subfield code="9">9783942208680</marc:subfield>
   </marc:datafield>
   <marc:datafield ind1=" " ind2=" " tag="041">
      <marc:subfield code="a">ger</marc:subfield>
   </marc:datafield>
   <marc:datafield ind1=" " ind2=" " tag="300">
      <marc:subfield code="a">189 S.</marc:subfield>
   </marc:datafield>
</marc:record>
